Economics: principles, problems and policies / (Record no. 705)
[ view plain ]
| 000 -LEADER | |
|---|---|
| fixed length control field | 00887nam a22001817a 4500 |
| 008 - FIXED-LENGTH DATA ELEMENTS--GENERAL INFORMATION | |
| fixed length control field | 120410t xxu||||| |||| 00| 0 eng d |
| 020 ## - INTERNATIONAL STANDARD BOOK NUMBER | |
| International Standard Book Number | 978007336947 |
| 050 ## - LIBRARY OF CONGRESS CALL NUMBER | |
| Classification number | HB171.5.M47 |
| 100 ## - MAIN ENTRY--PERSONAL NAME | |
| Personal name | McConnell, Cambell R. |
| 245 ## - TITLE STATEMENT | |
| Title | Economics: principles, problems and policies / |
| Statement of responsibility, etc. | Cambell R. McConnell and Stanley L. Brue |
| 260 ## - PUBLICATION, DISTRIBUTION, ETC. | |
| Place of publication, distribution, etc. | Boston: |
| Name of publisher, distributor, etc. | McGraw- Hill, |
| Date of publication, distribution, etc. | 2008. |
| 300 ## - PHYSICAL DESCRIPTION | |
| Extent | xxvii, 716 p.: |
| Other physical details | ill,; |
| Dimensions | 29cm |
| 500 ## - GENERAL NOTE | |
| General note | Includes index. |
| 505 ## - FORMATTED CONTENTS NOTE | |
| Formatted contents note | Contents: Introduction to economics and the economy -- Marcoeconomics models and fiscal policy -- Money, banking and monetary policy -- Long-run perspectives and macroeconomic debates -- Microeconomics of product markets -- Microeconomics of resource markets -- Microeconomics of government -- Microeconomics issues and policies -- International economics. |
| 650 ## - SUBJECT ADDED ENTRY--TOPICAL TERM | |
| Source of heading or term | Economics. |
| 700 ## - ADDED ENTRY--PERSONAL NAME | |
| Personal name | Brue stanley L. |
| 942 ## - ADDED ENTRY ELEMENTS (KOHA) | |
| Source of classification or shelving scheme | Library of Congress Classification |
| Koha item type | Books |
| Withdrawn status | Lost status | Source of classification or shelving scheme | Damaged status | Not for loan | Home library | Current library | Shelving location | Date acquired | Total Checkouts | Full call number | Barcode | Date last seen | Price effective from | Koha item type |
|---|---|---|---|---|---|---|---|---|---|---|---|---|---|---|
| Library of Congress Classification | WISCONSIN INTERNATIONAL UNIVERSITY COLLEGE, GHANA - MAIN LIBRARY | WISCONSIN INTERNATIONAL UNIVERSITY COLLEGE, GHANA - MAIN LIBRARY | General Stacks | 10/04/2012 | HB171.5.M47 | 1743/12 | 10/04/2012 | 10/04/2012 | Books | |||||
| Library of Congress Classification | WISCONSIN INTERNATIONAL UNIVERSITY COLLEGE, GHANA - MAIN LIBRARY | WISCONSIN INTERNATIONAL UNIVERSITY COLLEGE, GHANA - MAIN LIBRARY | General Stacks | 10/04/2012 | HB171.5.M471 | 1744/12 | 10/04/2012 | 10/04/2012 | Books | |||||
| Library of Congress Classification | WISCONSIN INTERNATIONAL UNIVERSITY COLLEGE, GHANA - MAIN LIBRARY | WISCONSIN INTERNATIONAL UNIVERSITY COLLEGE, GHANA - MAIN LIBRARY | General Stacks | 10/04/2012 | HB171.5.M472 | 1745/12 | 10/04/2012 | 10/04/2012 | Books |
